000 00750nam a2200253Ia 4500
003 OSt
005 20220924120401.0
006 a|||||r|||| 00| 0
007 ta
008 220923b |||||||| |||| 00| 0 san d
024 _a39491
037 _cTextual
040 _aARTS
_cARTS
_bsan
041 _2san
_asan
082 _aO15,D40x, 111K4
100 _aKalidasa
245 0 _aRaghuvasma with the comm Sanjivani of Mallinatha Cantos ed with English tr by M R Kale
260 _aDelhi
_bMotilal Banarasidass India
_c1964
300 _a144p.
_ccm.
650 _aSANSKRIT LITERATURE
700 _a Kale M. R. Ed.
_9181849
942 _hO15,D40x, 111K4
_cTEXL
_2CC
999 _c402567
_d402567